LEADER 01184nam0-2200349---450- 001 990004876770403321 005 20140708095940.0 035 $a000487677 035 $aFED01000487677 035 $a(Aleph)000487677FED01 035 $a000487677 100 $a19990604d1961----km-y0itay50------ba 101 0 $aeng 102 $aUS 105 $aa-------001yy 200 1 $a<>Didascalicon of Hugh of St. Victore$ea medieval guide to the arts$fHugh of St. Victore$gtranslated from the latin with an introduction and notes by Jerome Taylor 210 $aNew York ; London$cColumbia University Press$d1961 215 $aXII, 254 p.$c1 ritr.$d24 cm 225 1 $aRecords of civilization sources and studies$v64 610 0 $aUgo di San Vittore <1096 ca.-1141>$aOpere 676 $a230.092 676 $a186.4 700 1$aHugo :$cde s. Victore$f<1096-1141>$0195330 702 1$aTaylor,$bJerome 801 0$aIT$bUNINA$gRICA$2UNIMARC 901 $aBK 912 $a990004876770403321 952 $a230 HUG 1$bFil. Mod. 11379$fFLFBC 952 $a230 HUG 1 BIS$bBibl. 35908$fFLFBC 959 $aFLFBC 996 $aDidascalicon of Hugh of St. Victore$9520320 997 $aUNINA LEADER 01013nam0-22003011i-450- 001 990006242990403321 005 20060414103051.0 035 $a000624299 035 $aFED01000624299 035 $a(Aleph)000624299FED01 035 $a000624299 100 $a20000112d1981----km-y0itay50------ba 101 0 $aita 105 $a--------00-yy 200 1 $a<>consultori familiari pubblici in un quadro di crisi istituzionale e sociale$eatti del Convegno di Viterbo, 13-14 ottobre 1979$fa cura di Vera Segre e Nella Gridelli Velicogna 210 $aMilano$cGiuffrè$d1981 215 $a472 p.$d24 cm 676 $a344.03 702 1$aGridelli Velicogna,$bNella 702 1$aSegre,$bVera 712 02$aCommissione permanente di sociologia del diritto 801 0$aIT$bUNINA$gRICA$2UNIMARC 901 $aBK 912 $a990006242990403321 952 $aXI N 270$b112129$fFGBC 959 $aFGBC 996 $aConsultori familiari pubblici in un quadro di crisi istituzionale e sociale$9638812 997 $aUNINA LEADER 01132nam2-2200361li-450 001 990000239180203316 005 20180312154723.0 035 $a0023918 035 $aUSA010023918 035 $a(ALEPH)000023918USA01 035 $a0023918 100 $a20001109d1969----km-y0itay0103----ba 101 0 $aeng 102 $aUS 200 1 $a<> survey of minimal surfaces$fRobert Osserman 210 $aNew York$cVan Nostrand Reinhold$d1969 215 $a159 p.$cill.$d20 cm 225 2 $aVan Nostrand Reinhold MathematicalStudies$v0 410 0$10010023919$12001$aVan Nostrand Reinhold MathematicalStudies 610 1 $acalcolo delle variazioni 676 $a51564$9Calcolo delle variazioni 700 1$aOsserman,$bRobert$058824 801 $aSistema bibliotecario di Ateneo dell' Università di Salerno$gRICA 912 $a990000239180203316 951 $a515.64 OSS$b0004491 959 $aBK 969 $aSCI 979 $c19910110 979 $c20001110$lUSA01$h1715 979 $c20020403$lUSA01$h1632 979 $aPATRY$b90$c20040406$lUSA01$h1617 996 $aSurvey of minimal surfaces$9918855 997 $aUNISA